000 00486nam a2200205Ia 4500
003 0100
005 20160725142440.0
008 130303s9999 xx 000 0 und d
020 _a9782265594
040 _cARRUPELIB
050 _aPR9387.9.S6J4 1973
100 _aSoyinka, Wole
_97154
245 4 _aThe Jero plays
260 _aIbadan, Nigeria
260 _bSpectrum Books
300 _a94p.
300 _b 19cm
700 _aWole Soyinka
_924429
942 0 0 _02
_2lcc
_cMONOGRAPH
999 _c7411
_d7411